| 000 | 00791nam a22002297a 4500 | ||
|---|---|---|---|
| 999 |
_c10541 _d10541 |
||
| 003 | AR-CdUCM | ||
| 008 | 190401b ||||| |||| 00| 0 spa d | ||
| 040 |
_aMUNICIPALIDAD PROVINCIAL DEL CUSCO _cBIBLIOTECA MUNICIPAL DEL CUSCO |
||
| 082 |
_a869.56 / _bSA187O |
||
| 100 |
_aSamaniego, Antenor _91771 |
||
| 245 |
_aOración y blasfemia : _bPomas / |
||
| 260 |
_aLima : _bIris, _c1955. |
||
| 300 |
_a142 páginas ; _c21 cm. |
||
| 500 | _aDonacion de la familia Nieto. Dedicatoria a Luis Nieto. | ||
| 505 | _aContenido: Canto a Castilla -- Canto a Bolívar -- Egloga y elegía a Mariano Melgar -- Cesar Vallejo ... | ||
| 650 |
_aLiteratura Peruana _9132 |
||
| 650 |
_aSiglo XX _917062 |
||
| 650 |
_aPoema Peruano _927473 |
||
| 650 |
_aPoesía _9139 |
||
| 942 |
_2ddc _cLIBROS |
||
| 945 | _acmm | ||